00611cam a22002054a 450000500170000002000180001704100080003508200150004310000190005824500960007725000120017326000490018530000290023450400200026365000270028365000360031065000160034670000240036270000190038620260504125543.0 a9788131719275 aENG00a519.5bNEW1 aNewbold, Paul.10aStatistics for business and economics /cPaul Newbold, William L. Carlson, Betty M. Thorne. a6th ed. aNew Delhi. :bPearson Prentice Hall ,c2007. axx, 977 pages ;c26 cm.  aIncludes index. 0aCommercial statistics. 0aEconomicsxStatistical methods. 0aStatistics.1 aCarlson, William L.1 aThorne, Betty.